000 00968nam a2200205 i 4500
001 179772
003 ES-MaACL
005 20250831023902.0
008 120123s1912 sp |||| | spa d
100 1 _aPacheco y de Leyva, Enrique,
_d1878-1924
_988141
245 1 4 _aLas comunidades religiosas ante la historia
_b: memoria leída en el Ateneo de Madrid el lunes 8 de abril de 1912 /
_cpor Enrique Pacheco y de Leyva, secretario de la Sección de Ciencias Históricas del citado centro.
260 _aMadrid :
_b[s.n.],
_c1912 (
_fEst. tip. de Jaime Ratés)
300 _a33 p. ;
_c24 cm.
610 2 4 _aAteneo de Madrid.
_bSección de Ciencias Históricas-
_vMemorias.
_91982
650 7 _aIglesia y Estado
_2embne
_913554
650 4 _aÓrdenes y congregaciones religiosas
_915747
710 2 _aAteneo de Madrid.
_bSección de Ciencias Históricas
_91981
852 4 _aES-MaACL
_jT-1252-F-7
_z- Dedicatoria autógrafa del autor
999 _c179772
_d179772